| 000 | 00600nam a2200133 a 4500 | ||
|---|---|---|---|
| 008 | 121219s2011 ||||||||||||||||| || u | ||
| 050 | _aSTANCHART(058) | ||
| 110 | _aStandard Chartered Bank Plc | ||
| 245 | 1 | 0 |
_aStandard chartered bank Zambia plc annual report 2011 _cby Standard Chartered Bank Zambia Plc |
| 260 |
_aLusaka: _bStadard Chartered bank Zambia plc _c2011 |
||
| 300 | _a84p.: ill. | ||
| 650 | _aSTANDARD CHARTERED BANK ZAMBIA PLC--ANNUAL REPORT 2011 | ||
| 995 |
_FCBU-MAIN LIBRARY (Kitwe) _M1 _UAVAILABLE _WDec 27, 2012 _ZZambiana Collection |
||
| 999 |
_c58158 _d58158 |
||